Japanese prefectures flags - Statistics

General Stats
  • This quiz has been taken 26 times
  • The average score is 11 of 16
Answer Stats
Picture Answer % Correct
Tokyo
94%
Osaka
89%
Hiroshima
83%
Kyoto
83%
Nagasaki
83%
Hokkaido
72%
Aichi
67%
Okinawa
67%
Nara
61%
Shizuoka
61%
Fukuoka
56%
Kanagawa
56%
Miyagi
56%
Chiba
50%
Saitama
50%
Kobe
39%
No matching quizzes found
Score Distribution
Percent of People with Each Score
Percentile by Number Answered
Your Score History
You have not taken this quiz